[Event "Ostrava"]
[Site "Ostrava"]
[Date "1992.??.??"]
[Round "3"]
[White "Gipslis, Aivars P"]
[Black "Sorokin, Maxim"]
[Result "1/2-1/2"]
[WhiteElo "2465"]
[BlackElo "2550"]
[Annotator "Blatny,P"]
[PlyCount "70"]
[EventDate "1992.09.??"]
[EventType "tourn"]
[EventRounds "11"]
[EventCountry "CZE"]
[EventCategory "9"]
[SourceTitle "CBM 033"]
[Source "ChessBase"]
[SourceDate "1993.04.01"]
[SourceVersion "1"]
[SourceVersionDate "1993.04.01"]
[SourceQuality "1"]

1. e4 c5 2. Nf3 e6 3. Nc3 Nc6 4. Bb5 Nge7 5. O-O a6 6. Bxc6 Nxc6 7. d4 cxd4 8.
Nxd4 d6 (8... Qc7 9. Re1 Be7 10. Nxc6 dxc6 11. e5 O-O 12. Bf4 $14 {/\->>>}) 9.
Re1 Bd7 10. Nxc6 bxc6 11. e5 (11. Qg4 $5 {/\קg7}) 11... dxe5 (11... d5 12. Qg4
$16 {()}) 12. Rxe5 Be7 13. Bf4 O-O 14. Re3 {/\<->d,<->3} Ra7 15. Rd3 c5 16. Qh5
g6 17. Qh6 f6 18. Bd6 (18. Rad1 e5 $132) 18... c4 19. Rd2 Bxd6 20. Rxd6 Qe7 (
20... Qb8 {צ,Pb2} 21. Rad1 $40) 21. Rad1 Bc8 22. Qe3 $16 Rc7 23. h4 Re8 24.
Ne4 f5 (24... Bb7 $2 25. Rd7 $1 $18 {><f6}) 25. Ng5 c3 $1 26. b3 e5 27. Qb6 e4
(27... f4 28. Ne4 Rf8 29. Nf6+ Kg7 30. Nd5 $18) 28. R1d5 (28. Rxg6+ hxg6 29.
Qxg6+ Kf8 (29... Kh8 $2 30. Rd6 Qxd6 $8 31. Qxd6 Rg7 32. Qf6 $18) 30. Rd6 Qe5
$1 31. Rf6+ Ke7 $13) 28... f4 (28... e3 {/\->K} 29. fxe3 Qxe3+ 30. Qxe3 Rxe3
31. Kf2 Rce7 32. Rd8+ Re8 33. Rxe8+ Rxe8 34. Rd3 $18) 29. Nxh7 $1 Qxh7 (29...
Kxh7 30. Rxg6 Be6 31. Rxe6 $18) 30. Rxg6+ Rg7 31. Rdg5 $18 Rxg6 (31... Ree7 32.
Qd8+ $18) 32. Rxg6+ Kf8 33. Qd6+ (33. Qf6+ Qf7 34. Qd6+ Qe7 35. Qxf4+ Qf7 36.
Rf6 $18) 33... Re7 34. Qxf4+ $4 (34. Rf6+ Ke8 (34... Kg8 35. Qd8+ $18) 35. Qc6+
$18) 34... Ke8 35. Rf6 Qh5 $13 1/2-1/2

[Event "URS-ch58"]
[Site "Moscow"]
[Date "1991.??.??"]
[Round "6"]
[White "Sveshnikov, Evgeny"]
[Black "Shcherbakov, Ruslan"]
[Result "1-0"]
[WhiteElo "2540"]
[BlackElo "2525"]
[Annotator "Blatny,P"]
[PlyCount "47"]
[EventDate "1991.11.??"]
[EventType "swiss"]
[EventRounds "11"]
[EventCountry "URS"]
[SourceTitle "URS-ch"]
[Source "ChessBase"]
[SourceDate "1999.07.01"]
[SourceVersion "1"]
[SourceVersionDate "1999.07.01"]
[SourceQuality "1"]

1. e4 c5 2. Nf3 Nc6 3. Bb5 e6 4. O-O Nge7 5. c3 a6 6. Ba4 b5 7. Bc2 d5 8. e5 {
/\9.d4 --> French} (8. d3 dxe4 9. dxe4 Qxd1 10. Rxd1 Bb7 {+/=/=}) 8... d4 {
/\d3,c4} 9. Be4 $8 {/^a8-h1} Bb7 10. a4 {-><<} Ng6 {קe5} 11. axb5 axb5 12.
Rxa8 Bxa8 (12... Qxa8 13. Na3 $36) 13. Na3 Na7 (13... Qa5 14. Qe2 {><b5}) 14.
Bxa8 Qxa8 15. Qb3 {><b5} Qb7 (15... dxc3 16. Nxb5 $1 Qb7 $4 17. Nd6+ $18) 16.
cxd4 cxd4 17. Nxd4 Bxa3 (17... b4 18. Qa4+ Qd7 (18... Kd8 19. Nc4 $40) 19. Nab5
Nxb5 20. Nxb5 Nxe5 21. d4 $40) 18. bxa3 Nxe5 (18... O-O 19. Nf3 Nc6 20. Bb2 $16
) 19. Bb2 Nc4 20. Qg3 O-O 21. Bc3 g6 (21... e5 22. Nf5 f6 23. Bb4 Rb8 (23...
Re8 24. d3) (23... Rd8 24. Be7) 24. d3 Nb6 25. Be7 g6 26. Bxf6 $18) 22. d3 Nb6
23. Qe5 $1 Nd7 24. Qg7+ $3 (24. Qg7+ Kxg7 25. Nf5+ Kg8 26. Nh6#) 1-0

[Event "Terrassa"]
[Site "Terrassa"]
[Date "1991.??.??"]
[Round "2"]
[White "Romanishin, Oleg M"]
[Black "Lautier, Joel"]
[Result "1-0"]
[WhiteElo "2610"]
[BlackElo "2550"]
[Annotator "Blatny,P"]
[PlyCount "57"]
[EventDate "1991.05.??"]
[EventType "tourn"]
[EventRounds "9"]
[EventCountry "ESP"]
[EventCategory "12"]
[SourceTitle "CBM 024"]
[Source "ChessBase"]
[SourceDate "1991.10.01"]
[SourceVersion "1"]
[SourceVersionDate "1991.10.01"]
[SourceQuality "1"]

1. e4 c5 2. Nf3 e6 3. d3 (3. b3 {--> Miljanic-Sokolov CBM24}) (3. c4 Nc6 4. Nc3
Nf6 {--> Bologan-Rublevsky CBM24} (4... e5 {--> Bologan-Landa CBM24})) 3... Nc6
(3... d5 4. Nbd2 Nc6 5. g3 Nf6 6. Bg2 Be7 7. O-O {--> A08 Key}) 4. g3 g6 (4...
Nge7 {--> Tseitlin-Jansa CBM24}) 5. Bg5 Qc7 6. Bg2 Bg7 7. Nc3 d6 8. O-O Nge7 9.
Nb5 Qd7 10. c3 O-O 11. d4 cxd4 12. Nbxd4 b6 13. Qd2 Bb7 14. Rad1 Na5 15. Rfe1
Rac8 16. b3 Rfe8 17. c4 $16 {(),><d6} a6 18. Bh6 Qc7 $6 (18... Bh8 $142 {
/\ Rcd8,Nc6+/-}) 19. Bh3 $1 {/\ Bxe6 +-} e5 $6 20. Bxg7 Kxg7 21. Bxc8 Nxc8 22.
Nc2 f5 23. Ne3 Bxe4 24. Nd5 $18 Bxd5 25. cxd5 h6 26. Nd4 Kh7 $1 27. Ne6 Qb8 28.
Rc1 Nb7 29. Rc4 {/\ Rh4 +-} 1-0

[Event "Sydney Mercantile"]
[Site "Sydney"]
[Date "1991.??.??"]
[Round "3"]
[White "West, Guy"]
[Black "Rogers, Ian"]
[Result "0-1"]
[WhiteElo "2445"]
[BlackElo "2545"]
[Annotator "Blatny,P"]
[PlyCount "52"]
[EventDate "1991.04.??"]
[EventType "tourn"]
[EventRounds "9"]
[EventCountry "AUS"]
[EventCategory "10"]
[SourceTitle "CBM 023"]
[Source "ChessBase"]
[SourceDate "1991.08.01"]
[SourceVersion "1"]
[SourceVersionDate "1991.08.01"]
[SourceQuality "1"]

1. e4 c5 2. Nf3 Nc6 3. Bb5 e6 4. O-O Nge7 5. d4 (5. Nc3 Nd4 6. Re1 Ng6 7. Bf1
Nxf3+ 8. Qxf3 f6 $10 {Shabanov-Sherbakov,USSR 1990}) 5... cxd4 6. Nxd4 Qc7 7.
Nc3 a6 8. Nde2 $6 Ng6 (8... axb5 $4 9. Nxb5 Qb6 10. Nd6+ Kd8 11. Nxf7+ $18) 9.
Bd3 Bc5 10. a3 Nge5 11. Nf4 O-O 12. Qh5 b5 13. Qg5 f6 14. Qg3 Bb7 15. Be3 Nxd3
16. cxd3 Bd6 17. Nce2 f5 $15 18. Rac1 Rf7 19. Qh4 Raf8 20. f3 Qb8 {/\Nc6-..}
21. g4 $4 fxg4 22. fxg4 (22. Qxg4 Bxf4 23. Nxf4 Rxf4 24. Bxf4 Rxf4) 22... Bxf4
23. Nxf4 Rxf4 24. Bxf4 Rxf4 25. Qg5 Rxf1+ 26. Rxf1 Qe5 0-1

[Event "Groningen"]
[Site "Groningen"]
[Date "1989.??.??"]
[Round "?"]
[White "Rogers, Ian"]
[Black "Kuijf, Marinus"]
[Result "1-0"]
[WhiteElo "2470"]
[BlackElo "2530"]
[Annotator "Boensch,U"]
[PlyCount "61"]
[EventDate "1989.12.??"]
[EventType "tourn"]
[EventRounds "9"]
[EventCountry "NED"]
[EventCategory "11"]
[SourceTitle "CBM 016"]
[Source "ChessBase"]
[SourceDate "1990.06.01"]
[SourceVersion "1"]
[SourceVersionDate "1990.06.01"]
[SourceQuality "1"]

1. e4 {Bönsch} c5 2. Nf3 Nc6 3. Bb5 e6 4. Bxc6 bxc6 5. d3 d6 $6 (5... Ne7 6.
O-O Ng6 $10) 6. e5 $1 d5 7. c4 Ne7 8. O-O Ng6 9. Nc3 Be7 10. Na4 O-O 11. b3 f6
12. Bb2 d4 13. Ba3 fxe5 14. Qe2 Rf5 15. g3 e4 16. dxe4 (16. Qxe4 Bd7 17. Rae1
Qf8 $13) 16... Rf6 17. e5 Rf5 18. Kg2 Qc7 19. Bxc5 Bb7 20. b4 Raf8 21. Nxd4
Rxe5 22. Qc2 Rd8 23. Rad1 Bf6 24. Nf3 Rf5 25. Rxd8+ Qxd8 26. Rd1 Qc8 27. Nc3 e5
28. Ne4 Rh5 29. Qd3 Qh3+ 30. Kg1 Bc8 31. Qd8+ $3 (31. Qd8+ Bxd8 32. Rxd8+ Kf7
33. Nfg5+ Rxg5 34. Nxg5+ Kf6 35. Nxh3 $18) 1-0

[Event "New York WFW"]
[Site "New York"]
[Date "1990.??.??"]
[Round "?"]
[White "Speelman, Jonathan S"]
[Black "Larsen, Bent"]
[Result "0-1"]
[WhiteElo "2605"]
[BlackElo "2545"]
[Annotator "Boensch,U"]
[PlyCount "80"]
[EventDate "1990.09.??"]
[EventType "tourn"]
[EventRounds "9"]
[EventCountry "USA"]
[EventCategory "11"]
[SourceTitle "CBM 020"]
[Source "ChessBase"]
[SourceDate "1991.02.01"]
[SourceVersion "1"]
[SourceVersionDate "1991.02.01"]
[SourceQuality "1"]

1. e4 {Bönsch} c5 2. Nf3 Nc6 3. Bb5 e6 4. O-O Nge7 5. Nc3 (5. c3 a6 6. Bxc6
Nxc6 7. d4 d5 8. e5 Bd7 9. Re1 Rc8 10. dxc5 Bxc5 11. Nbd2 O-O 12. Nb3 Be7 13.
Nbd4 Qb6 14. Qe2 Nxd4 15. Nxd4 f5 $10 {Mortensen - Larsen, Grasted 1990 - Inf.
49/202}) 5... Nd4 6. Nxd4 cxd4 7. Ne2 a6 (7... Qb6 8. a4 a6 9. Bd3 Nc6 10. c3
Be7 11. a5 Nxa5 12. Nxd4 O-O 13. Bc2 d6 14. Nf3 e5 15. d4 Bg4 {Watson - Larsen,
London 1989 - CBM 13}) 8. Bd3 (8. Ba4 Nc6 9. d3 Bc5 10. f4 d5 11. Kh1 b5 12.
Bb3 dxe4 13. dxe4 Na5 14. f5 Nxb3 15. axb3 e5 $15 {King - Larsen, London 1989
- CBM 13}) 8... d5 9. e5 Nc6 10. f4 Bd7 11. a3 $6 (11. c3 $5) 11... g5 $1 12.
f5 Qc7 (12... Nxe5 13. fxe6 fxe6 14. Nxd4 $13) 13. b4 Qxe5 14. Bb2 O-O-O 15.
Ng3 h5 $17 16. c3 h4 17. cxd4 Nxd4 18. Qc1+ Bc6 19. Qc3 hxg3 20. Qxd4 Qxd4+ 21.
Bxd4 Rxh2 22. fxe6 fxe6 23. Rae1 Bd6 24. Rxe6 Rh4 25. Bf6 (25. Bb2 d4 $19 {
/\ Tdh8}) 25... Bb8 $1 26. Bf5 Ba7+ 27. Re3+ (27. d4 Bd7 28. Rc1+ (28. Re2 Rxd4
$19) 28... Kb8 29. Bxd8 Bxd4+ 30. Kf1 Rh1+ 31. Ke2 Rxc1 $19) 27... Bd7 28. Bxg5
(28. Rc1+ Rc4 29. Rxc4+ dxc4 30. Bxd8 Kxd8 $19 {/\ c3!}) 28... Rc4 29. Bxd8
Kxd8 30. Bxd7 Kxd7 31. Rf7+ Kc6 32. Kf1 Bxe3 33. dxe3 Rc3 34. a4 Rxe3 35. Rf6+
Kd7 36. Rf7+ Ke6 37. Rxb7 d4 38. Rb8 (38. Rb6+ Ke5 39. Rxa6 d3 40. Ra8 d2 $19)
38... Kd5 39. b5 axb5 40. axb5 d3 (40... d3 41. b6 Kc6 42. b7 Kc7 $19) 0-1

[Event "URS-ch46 First League"]
[Site "Ashkhabad"]
[Date "1978.??.??"]
[Round "3"]
[White "Kupreichik, Viktor D"]
[Black "Sveshnikov, Evgeny"]
[Result "1-0"]
[WhiteElo "2490"]
[BlackElo "2565"]
[Annotator "Bulletin"]
[PlyCount "45"]
[EventDate "1978.10.??"]
[EventType "tourn"]
[EventRounds "17"]
[EventCountry "URS"]
[EventCategory "10"]
[SourceTitle "MCL"]
[Source "ChessBase"]
[SourceDate "1999.07.01"]
[SourceVersion "1"]
[SourceVersionDate "1999.07.01"]
[SourceQuality "1"]

1. e4 c5 2. Nf3 Nc6 3. Bb5 e6 4. O-O Nge7 5. b3 a6 6. Bxc6 Nxc6 7. Bb2 d5 $6 (
7... d6 8. d4 cxd4 9. Nxd4 Qf6 $5 10. c4 Be7 11. Qd2 Qg6 $14) 8. exd5 Qxd5 (
8... exd5 9. Re1+ Be6 10. d4 $16) 9. Nc3 Qd8 10. Ne4 Nd4 11. Nxd4 cxd4 12. Qh5
$1 $16 b5 13. Qe5 d3 (13... Bb7 14. Bxd4 Qd5 $16) 14. cxd3 Qd5 15. Qg3 $18 Bb7
16. Rac1 f5 17. Bxg7 fxe4 18. dxe4 Qxe4 19. Bxh8 Bd6 20. Qg8+ Kd7 21. Qf7+ Be7
22. f3 Qh4 23. Be5 1-0

[Event "POL-ch 52nd"]
[Site "Warsaw"]
[Date "1995.??.??"]
[Round "6"]
[White "Gdanski, Jacek"]
[Black "Grabarczyk, Bogdan"]
[Result "1-0"]
[WhiteElo "2490"]
[BlackElo "2375"]
[Annotator "Bulletin"]
[PlyCount "87"]
[EventDate "1995.02.11"]
[EventType "tourn"]
[EventRounds "17"]
[EventCountry "POL"]
[EventCategory "8"]
[SourceTitle "EXT 1999"]
[Source "ChessBase"]
[SourceDate "1998.11.16"]
[SourceVersion "1"]
[SourceVersionDate "1998.11.16"]
[SourceQuality "1"]

1. e4 c5 2. Nc3 Nc6 3. Nf3 g6 4. Bb5 Bg7 5. Bxc6 dxc6 6. h3 f6 7. d3 Nh6 8. Be3
b6 9. Qd2 (9. a4 a5 10. Nd2) 9... Nf7 10. O-O-O e5 11. g4 Be6 12. Kb1 Qd7 13.
Ne2 O-O-O 14. Ng3 Qb7 15. Qe2 Qa6 16. b3 h6 $2 17. Bc1 (17. Nh4 Nd6 18. Nxg6
Nb5 19. Qe1 Na3+ 20. Kb2 Nxc2) 17... Rd7 $2 18. Nh4 Nd6 19. Nxg6 Nb5 20. Bb2
Rhd8 21. Nf5 Kb7 22. f4 Bf7 23. Ngh4 Bf8 24. fxe5 fxe5 25. Nf3 Na3+ 26. Bxa3
Qxa3 27. c4 Re8 28. Qb2 Qxb2+ 29. Kxb2 b5 30. Kc2 a5 31. a4 Ka6 32. h4 Rb7 33.
Rb1 bxa4 34. bxa4 Rb4 35. Rxb4 cxb4 36. h5 Be6 37. Re1 Bf7 38. N3h4 Rd8 39. Ng6
b3+ 40. Kxb3 Rxd3+ 41. Kc2 Rd8 42. Rd1 Rb8 43. Nxf8 Rxf8 44. Rd6 1-0

[Event "URS-ch46 First League"]
[Site "Ashkhabad"]
[Date "1978.??.??"]
[Round "13"]
[White "Tukmakov, Vladimir B"]
[Black "Sveshnikov, Evgeny"]
[Result "1/2-1/2"]
[WhiteElo "2560"]
[BlackElo "2565"]
[Annotator "Bulletin"]
[PlyCount "43"]
[EventDate "1978.10.??"]
[EventType "tourn"]
[EventRounds "17"]
[EventCountry "URS"]
[EventCategory "10"]
[SourceTitle "MCL"]
[Source "ChessBase"]
[SourceDate "1999.07.01"]
[SourceVersion "1"]
[SourceVersionDate "1999.07.01"]
[SourceQuality "1"]

1. e4 c5 2. Nf3 Nc6 3. Nc3 Nf6 4. Bb5 Nd4 5. e5 Nxb5 6. Nxb5 Nd5 7. O-O a6 8.
c4 Nb4 (8... Nc7 9. Nxc7+ Qxc7 10. d4 $16) (8... Nb6 $6 9. Nc3 d5 10. d4 e6 11.
Bg5 Qd7 12. cxd5 Nxd5 13. Nxd5 Qxd5 14. dxc5 Bxc5 15. Qc2 $16) 9. Nc3 d6 10.
exd6 Qxd6 11. Ne4 Qc7 12. d4 cxd4 13. Re1 Bg4 $1 $10 14. Qa4+ Nc6 15. Nxd4
O-O-O 16. Nxc6 Qxc6 17. Qxc6+ bxc6 18. Be3 e6 19. Bb6 Rd7 20. f3 Bf5 21. Rad1
Bxe4 22. Rxd7 1/2-1/2

[Event "Sharjah FIDE GP (Women)"]
[Site "Sharjah"]
[Date "2014.09.04"]
[Round "9"]
[White "Kosintseva, Tatiana"]
[Black "Ushenina, Anna"]
[Result "0-1"]
[WhiteElo "2494"]
[BlackElo "2487"]
[Annotator "CB"]
[PlyCount "116"]
[EventDate "2014.08.25"]
[EventType "tourn"]
[EventRounds "11"]
[EventCountry "UAE"]
[EventCategory "10"]
[SourceTitle "CBM 162"]
[Source "ChessBase"]
[SourceDate "2014.09.17"]
[SourceVersion "1"]
[SourceVersionDate "2014.09.17"]
[SourceQuality "1"]

{Ushenina's excellent use of tactics in the middle-game left her with a
superior pawn structure going into the endgame. She traded off ever piece into
a superior knight vs. bishop endgame which she accurately assessed and
converted. The king on e3 was the d4 pawn's only defender and that meant that
Kosintseva's position was too passive to deal with the invading king on the
queenside. A nice game from the Ukrainian player.} 1. e4 c5 2. Nf3 Nc6 3. Nc3
e5 4. Bc4 d6 5. d3 Be7 6. O-O Nf6 7. Ng5 O-O 8. f4 Bg4 9. Qe1 exf4 10. Bxf4 Nd4
11. Qd2 Qd7 12. Be3 Be6 13. Nxe6 fxe6 14. Bxd4 cxd4 15. Ne2 Kh8 16. Bb3 (16.
Nxd4 d5 17. Bb5 Qd6 {leaves White in a surprisingly awkward situation as there
is no way to prevent dxe4 and Qc5.}) 16... d5 17. e5 Ng4 18. Nxd4 Bc5 19. c3
Nxe5 20. Kh1 Bxd4 21. cxd4 Ng6 22. Rae1 Rxf1+ 23. Rxf1 Rf8 24. Rxf8+ Nxf8 25.
Bd1 Kg8 26. a3 Qf7 27. Kg1 Qf6 28. Qe3 Nd7 29. b4 b5 30. g3 Kf7 31. Kg2 Ke7 32.
Bf3 Kd6 33. Bg4 g6 34. Qf2 Qxf2+ 35. Kxf2 Nb8 36. Ke3 Nc6 37. Bd1 Ke7 38. h4
Kf6 39. g4 h6 40. Bf3 Nd8 41. Bd1 g5 42. h5 Nc6 43. Bf3 Ke7 44. Bd1 Kd6 45. Bf3
Kc7 46. Bd1 Kb6 47. Bc2 a5 48. bxa5+ Kxa5 49. Bd1 b4 50. a4 Na7 51. Bb3 Nc8 52.
Kd2 Nb6 53. Kc2 Nxa4 54. Bxa4 Kxa4 55. Kb2 b3 56. Kb1 Kb5 57. Kc1 Ka5 58. Kb1
Ka4 0-1

[Event "SWE-ch"]
[Site "Uppsala"]
[Date "2016.07.20"]
[Round "5"]
[White "Tikkanen, Hans"]
[Black "Blomqvist, Erik"]
[Result "0-1"]
[WhiteElo "2535"]
[BlackElo "2531"]
[Annotator "CB"]
[PlyCount "116"]
[EventDate "2016.07.16"]
[EventType "tourn"]
[EventRounds "9"]
[EventCountry "SWE"]
[EventCategory "10"]
[SourceTitle "CBM 173 Extra"]
[Source "ChessBase"]
[SourceDate "2016.08.29"]
[SourceVersion "1"]
[SourceVersionDate "2016.08.29"]
[SourceQuality "1"]
[WhiteClock "0:16:03"]
[BlackClock "0:19:56"]

1. e4 c5 2. Nf3 Nc6 3. Bb5 e6 {This simple developing move which served
Gelfand quite well against Anand in their World Champion match is getting more
and more popular. What is White's strongest move now? Well if you want to
prove something you should inflict structural damages on Black by knocking the
knight out of the board.} 4. O-O Nge7 5. c3 (5. Re1 {Carlsen style (Even
though Carlsen don't want to be labelled any styles...)}) 5... a6 6. Ba4 b5 7.
Bc2 Bb7 {[#] White is at another crossroad. However none of the moves White
has played here are very committal.} 8. Re1 {The most popular choice.} ({
Carlsen choose} 8. Qe2 {against Radjabov in 2009.}) (8. a4) (8. d4) 8... Rc8 9.
a4 {That's how we do it today. The position on the Queen's side has some
similarities with the topic slow rollers in Ruy Lopez and there White wants
Black to play b5 which almost automatically releases the a4-push.} b4 10. d4 {
Tikkanen has obviously prepared something.} (10. d3 $11 {is a cautious
alternative.}) 10... bxc3 11. d5 {[#] This is a position you don't want to
solve at the board. Both guys had their knives sharpened.} cxb2 (11... Nb4 {
Has been played by Ivanchuk and Shirov, but Blomqvist trusts the computer more.
}) 12. Bxb2 Nb4 {[#] Four grandmasters have had this position before, but none
of them played Tikkanen's move. (Komodo10s first choice)} 13. Bc3 {[#] Now it
is time for Black to make a decision. To take or not to take on c2?} Ng6 {
OK, White enjoys a certain compensation due to Black's poor development on th
King's side. And the question is if Black can castle at all? Most probably not,
so, shall Black give the pawn on g7 back in order to develop the Bishop and
when White grabs it put the rook on g8 so that he him self can threat
something?} (13... Nxc2 14. Qxc2 Ng6 15. Qd2 {with the idea Ba5, was a motive
that Hans liked, and perhaps this motive was the cause of later Qd2?!}) 14. Na3
{Sensible, as the c4-square looks attractive. Tikkanen did not like this.} ({
Perhaps an inch better was:} 14. Nbd2 {In some variations the knight might
come handier in the centre even though it is not clear when and how. But the
centre will probably change very soon, and then this will be solved by itself.}
Be7 15. Bxg7 Rg8 16. Bc3 exd5 17. exd5 Nxc2 18. Qxc2 Bxd5 19. Ng5 {White still
has some pressure against Black, and we can see that the knight on d2 looks
little bit more natural than on a3.}) 14... Be7 15. Qd2 $6 {Some kind of
preparation, but it alows castling.} ({Why not the simple} 15. Bxg7 Rg8 16. Bc3
{and White must be somewhat superior because of the King on e8. Concrete moves
might save Black, but a standard evaluation gives White a long term plus, and
besides, White's position is more robust. If Black wants to challenge White
with:} exd5 17. exd5 Bxd5 18. Bxg6 (18. Bxb4 Bxf3 19. Qxf3 cxb4 20. Bb3 Rg7 21.
Nc4 {He ends up in a middle game misery. Where only tactics can save him i.e.}
Nh4 22. Qe4 Rxc4 23. Qxc4 Nxg2 24. Qd4 (24. Rxe7+ Qxe7 25. Kh1 Qe5 26. Rg1 {
and Black keeps the things together.}) 24... Kf8 25. Re4 d5 26. Rg4 Bf6 27.
Qxb4+ Be7 28. Qd4 Bf6 $11) 18... Rxg6 19. Nh4 Re6 20. Nf5 Rxe1+ 21. Qxe1 Rc6
22. Rd1 {With some kind of pressure.} (22. Qe5 d6 23. Qh8+ Kd7 24. Qxh7 Bf6))
15... exd5 ({Why not} 15... O-O $15) 16. Bxg7 Rg8 17. exd5 {White is gambling}
(17. Qh6 Nxc2 18. Nxc2 dxe4 19. Ne3 $1 $11 {was mandatory.}) 17... Rxg7 18. d6
Bxf3 $1 19. Qc3 $1 Kf8 20. dxe7+ Nxe7 21. Qxf3 Nec6 $1 {Erik is a true
materialist and here he excells!} 22. Qh3 {White must try something...} Nd4 23.
Bxh7 Qh4 {This one did hurt.} 24. Qxh4 Nf3+ 25. Kf1 Nxh4 26. Be4 d5 27. Rac1
Rc6 28. Nb1 f5 29. Bxd5 Nxd5 {White could have resigned but in this tournament
we have seen mysterious errors, so everything can happen.} 30. Re5 Nf4 31. Rc4
Nfxg2 32. Nd2 Kf7 33. Rcxc5 Rxc5 34. Rxc5 Nf4 35. Nf3 Ne6 36. Ra5 Nxf3 37.
Rxf5+ Ke7 38. Rxf3 Rg4 39. Ra3 a5 40. Ke2 Rh4 41. h3 Nf4+ 42. Kd2 {Here
Blomqvist calculated to move 58.} Rxh3 43. Rxh3 Nxh3 44. Ke3 Kd6 45. f4 Kc5 46.
f5 Ng5 47. f6 Kb4 48. Ke2 Kxa4 49. Kd1 Kb3 50. Kc1 a4 51. Kb1 a3 52. Ka1 Nf3
53. f7 Nd4 54. f8=Q Nc2+ 55. Kb1 a2+ 56. Kc1 a1=Q+ 57. Kd2 Qe1+ 58. Kd3 Qe3# {
We saw a modern game of chess. First we have a innocent looking opening, then
White took up the gauntlet by playing. Black was mentally prepared to defend
and he defended well! White lost track and Black took over. Erik Blomqvist at
his best!} 0-1